[Event "Civil Service Minor op"]
[Site "London"]
[Date "2005.11.06"]
[Round "5"]
[White "Robson, Chris"]
[Black "Francis, Wilbur W"]
[Result "1/2-1/2"]
[WhiteElo "1400"]
[BlackElo "1456"]
[PlyCount "88"]
[EventDate "2005.11.05"]
[EventType "swiss"]
[EventRounds "5"]
[EventCountry "ENG"]
[SourceTitle "EXT 2007"]
[Source "ChessBase"]
[SourceDate "2006.11.23"]
[SourceVersion "1"]
[SourceVersionDate "2006.11.23"]
[SourceQuality "1"]

1. e4 d6 2. d4 e5 3. dxe5 dxe5 4. Qxd8+ Kxd8 5. Nf3 f6 6. Bc4 c6 7. 0-0 Kc7 8. Rd1 Nd7 9. Nc3 Nb6 10. Bb3 Bc5 11. Ne2 Ne7 12. c3 Bg4 13. Rd3 Rad8 14. Bc2 Rxd3 15. Bxd3 Rd8 16. Bc2 a5 17. a3 Ra8 18. b4 axb4 19. cxb4 Bxb4 20. Bb2 Bc5 21. a4 Bb4 22. Bc3 Ba5 23. Bb3 g5 24. h3 Bxf3 25. gxf3 h5 26. Bb2 Bb4 27. Ng3 h4 28. Nh5 Rf8 29. Nxf6 Nd7 30. Nxd7 Kxd7 31. Rd1+ Ke8 32. Bxe5 Rxf3 33. Be6 Ng6 34. Bc7 Nf4 35. Bxf4 gxf4 36. Bg4 Ra3 37. Rd7 Rxa4 38. Rxb7 Bc3 39. Bd7+ Kd8 40. Bxc6 Ra6 41. Rd7+ Kc8 42. Bb7+ Kxd7 43. Bxa6 f3 44. Kf1 Kd6 1/2-1/2

[Event "Civil Service Minor op"]
[Site "London"]
[Date "2005.11.05"]
[Round "3"]
[White "Robson, Chris"]
[Black "Whitworth, Michael"]
[Result "0-1"]
[WhiteElo "1400"]
[BlackElo "1496"]
[PlyCount "58"]
[EventDate "2005.11.05"]
[EventType "swiss"]
[EventRounds "5"]
[EventCountry "ENG"]
[SourceTitle "EXT 2007"]
[Source "ChessBase"]
[SourceDate "2006.11.23"]
[SourceVersion "1"]
[SourceVersionDate "2006.11.23"]
[SourceQuality "1"]

1. e4 c6 2. d4 d5 3. e5 Bf5 4. Nc3 e6 5. g4 Bg6 6. Nge2 Ne7 7. Nf4 Nd7 8. h4 h6 9. Nxg6 Nxg6 10. g5 hxg5 11. Bxg5 Be7 12. Bxe7 Qxe7 13. h5 Nf4 14. Qg4 g5 15. 0-0-0 0-0-0 16. Bd3 a6 17. h6 c5 18. dxc5 Nxe5 19. Qg3 Nexd3+ 20. Rxd3 Nxd3+ 21. Qxd3 Qxc5 22. Qf3 Rdf8 23. Qg3 Qe7 24. Na4 Qb4 25. Nc3 Qf4+ 26. Qxf4 gxf4 27. Ne2 f3 28. Nd4 Rfg8 29. Nxf3 Rg6 0-1

[Event "Civil Service Minor op"]
[Site "London"]
[Date "2005.11.05"]
[Round "2"]
[White "Shah, Dipak"]
[Black "Robson, Chris"]
[Result "1-0"]
[WhiteElo "1456"]
[BlackElo "1400"]
[PlyCount "109"]
[EventDate "2005.11.05"]
[EventType "swiss"]
[EventRounds "5"]
[EventCountry "ENG"]
[SourceTitle "EXT 2007"]
[Source "ChessBase"]
[SourceDate "2006.11.23"]
[SourceVersion "1"]
[SourceVersionDate "2006.11.23"]
[SourceQuality "1"]

1. e4 c5 2. Nf3 d6 3. Bc4 Nc6 4. a3 g6 5. Ng5 e6 6. d3 Bg7 7. c3 Nf6 8. Be3 0-0 9. Nf3 Qc7 10. h3 a6 11. Nbd2 b5 12. Ba2 Bd7 13. Nb3 c4 14. dxc4 Nxe4 15. Nbd2 Nxd2 16. Nxd2 Ne5 17. Ne4 Nxc4 18. Bxc4 Qxc4 19. Nd2 Qc6 20. 0-0 d5 21. Nf3 Rfe8 22. Qd2 Qd6 23. Rac1 Rac8 24. Bh6 Qf8 25. Bxg7 Qxg7 26. Rfe1 Bc6 27. Ne5 Bb7 28. Qd4 Re7 29. Re3 f6 30. Ng4 e5 31. Qd2 f5 32. Nh2 f4 33. Re2 e4 34. Qxf4 Rf8 35. Qe3 Ref7 36. Rd1 Rf5 37. Qd4 Qxd4 38. Rxd4 Rd8 39. Rexe4 Rdf8 40. Re2 Bc8 41. Ng4 Kg7 42. Re7+ R8f7 43. Rxf7+ Rxf7 44. Rxd5 Bb7 45. Rd2 Re7 46. Ne3 Kh6 47. g3 Bc8 48. h4 Rf7 49. Kh2 Rf3 50. Ng2 Bb7 51. Ne3 Rf7 52. Ng4+ Kg7 53. Ne5 Rf6 54. Rd7+ Kh6 55. Ng4+ 1-0